[Event "Titled Tuesday intern op 02nd Jul Early"]
[Site "Chess.com INT"]
[Date "2024.07.02"]
[Round "7"]
[White "Kuchava, Ana"]
[Black "Martinez, Shawn"]
[Result "0-1"]
[WhiteElo "2101"]
[BlackElo "1921"]
[PlyCount "84"]
[EventDate "2024.07.02"]
[EventType "swiss (blitz)"]
[EventRounds "11"]
[EventCountry "USA"]
[SourceTitle "EXT 2025"]
[Source "ChessBase"]
[SourceDate "2024.10.14"]
[SourceVersion "1"]
[SourceVersionDate "2024.10.14"]
[SourceQuality "1"]

1. d4 d5 2. Nf3 e6 3. c4 Nf6 4. Nc3 c6 5. Bg5 Bd6 6. e3 Nbd7 7. Bd3 dxc4 8. Bxc4 b5 9. Bd3 Bb7 10. 0-0 0-0 11. a3 Rc8 12. Ne4 Qc7 13. Nxd6 Qxd6 14. Bf4 Qe7 15. b4 Nh5 16. Bg5 f6 17. Bh4 g5 18. Bg3 Nxg3 19. fxg3 a5 20. Qb3 a4 21. Qa2 Nb6 22. Nd2 Kg7 23. Ne4 f5 24. Nc5 Rf6 25. Rac1 Ba8 26. Rc2 Rcf8 27. Re2 Nd5 28. Qd2 g4 29. Ref2 h6 30. e4 fxe4 31. Bxe4 Rxf2 32. Rxf2 Rxf2 33. Qxf2 Qf6 34. Bxd5 cxd5 35. Qxf6+ Kxf6 36. Kf2 e5 37. Nd7+ Kf5 38. Nxe5 Ke4 39. Nxg4 Kxd4 40. Nxh6 Kc3 41. g4 d4 42. g5 d3 0-1